000 00674nam a2200229Ia 4500
008 160819s9999 xx 000 0 und d
020 _a978-1-85626-705-2
050 _aCUL TX 759.5
050 _b.C48G39 2007
100 _aGayler, Paul.
245 2 _aA Passion for cheese :
245 _bmore than 130 innovative ways to cook with cheese /
245 _cPaul Gayler; with a foreword by Juliet Harbutt; with photographs by Gus Filgate.
260 _aLondon :
260 _bKyle Cathie Limited,
260 _c2007
300 _a192 pages :
300 _bcolor illustrations ;
300 _c26 cm.
500 _aIncludes index.
650 _aCooking (Cheese).
999 _c300717
_d300717